Hình họa căn bản T.5 Hoạt họa hí hóa biếm họa
v..v
Đã lưu trong:
| Tác giả chính: | |
|---|---|
| Định dạng: | Sách |
| Năm xuất bản: |
H.
Văn hóa Thông tin
1996
|
| Chủ đề: | |
| Tags: |
Thêm thẻ
Không có thẻ, Hãy là người đầu tiên gắn thẻ bản ghi này!
|
| LEADER | 00838nam a2200193 4500 | ||
|---|---|---|---|
| 082 | |a 741.56 |b L250TH | ||
| 100 | |a Lê Thanh Lộc | ||
| 245 | |a Hình họa căn bản |c Lê Thanh Lộc |n T.5 |p Hoạt họa hí hóa biếm họa | ||
| 260 | |a H. |b Văn hóa Thông tin |c 1996 | ||
| 300 | |a 71tr. |c 26cm | ||
| 520 | |a v..v | ||
| 653 | |a Nghệ thuật | ||
| 653 | |a Vẽ | ||
| 653 | |a Tranh biếm họa | ||
| 653 | |a Tranh hoạt hình | ||
| 942 | |2 ddc |c STK0 | ||
| 999 | |c 4070 |d 4070 | ||
| 952 | |0 0 |1 0 |2 ddc |4 0 |6 741_560000000000000_L250TH |7 0 |8 700 |9 41353 |a qbu |b qbu |c D5 |d 2014-12-18 |g 14000 |o 741.56 L250TH |p 4683.c1 |r 2015-08-31 |w 2014-12-18 |y STK0 |0 0 |6 741_560000000000000_L250TH | ||
| 952 | |0 0 |1 0 |2 ddc |4 0 |6 741_560000000000000_L250TH |7 0 |8 700 |9 41354 |a qbu |b qbu |c D5 |d 2014-12-18 |g 14000 |o 741.56 L250TH |p 4683.c2 |r 0000-00-00 |w 2014-12-18 |y STK0 |0 0 |6 741_560000000000000_L250TH | ||